000 01109nam0a22002891 4500
001 rc\433444
005 20030616170850.0
010 _a5-7775-0069-9
_94800
035 _a(NLR Aleph) 005680026
090 _a7064940
_c7064940
100 _a20030616d1988 u |0rusy50 ca
101 0 _arus
102 _aRU
105 _aa |||||||||
200 1 _aМузей "спартаковцев" в Красногорке
_eПутеводитель
205 _a2-е изд., перераб. и доп.
210 _aДнепропетровск
_cПроминь
_d1988
215 _a31, [1] с., [4] л. ил.
_d17
300 _aНа обл. авт. не указаны
700 1 _aКулик
_bГ. В.
_gГеоргий Варфоломеевич
701 1 _aПолянецкий
_bВ. А.
_gВиктор Анатольевич
712 0 2 _aМузей подпольной комсомольской организации "Спартак"
_cс. Красногорка, Кировогр. обл.
801 0 _aRU
_bNLR
_gpsbo
801 1 _aRU
_bELAR
_2rusmarc
852 _aNLR
_j88-2/689
942 _cBOOK
980 _aNB